| 000 | 004550000a22001810004500 | ||
|---|---|---|---|
| 003 | MACL | ||
| 005 | 20151201152240.0 | ||
| 008 | 151201b xxu||||| |||| 00| 0 eng d | ||
| 040 |
_aMACL _cMACL |
||
| 041 | _aEnglish | ||
| 082 | _a741.642 | ||
| 100 |
_aVerma, Vrindavan Lal _918933 |
||
| 245 | _aIbrahim Khan Gardi and Other Stories | ||
| 260 | _bShri Krishna Prakashan | ||
| 350 | _a10 | ||
| 650 |
_aChildern's Book _918839 |
||
| 942 |
_cBK _k741.642 _2ddc |
||
| 999 |
_c5668 _d5668 |
||